| 000 | 00770cam a2200217 4500 | ||
|---|---|---|---|
| 082 | 0 | 0 |
_a628.11 _bFAI _cL-23, P-29. |
| 100 | 1 |
_aFair, Gordon Maskew, _925665 |
|
| 245 | 1 | 0 |
_aElements of water supply and wastewater disposal _c[by] Gordon Maskew Fair, John Charles Geyer [and] Daniel Alexander Okun. |
| 250 | _a2d ed. | ||
| 260 |
_aNew York, _bWiley _c[1971] |
||
| 300 |
_aviii, 752 p. _billus., plans. _c24 cm. |
||
| 526 |
_a0 _b0 _c0 _d628_100000000000000_FAI |
||
| 526 |
_a0 _b0 _c0 _d628_110000000000000_FAI |
||
| 526 |
_a0 _b0 _c0 _d628_110000000000000_FAI |
||
| 650 | 0 |
_aMCE _9379 |
|
| 650 | 0 |
_aSewage disposal. _9392 |
|
| 650 | 0 |
_aWater-supply engineering. _9391 |
|
| 700 | 1 |
_aGeyer, John Charles, _925666 |
|
| 700 | 1 |
_aOkun, Daniel Alexander, _925667 |
|
| 942 |
_2ddc _cBK |
||
| 999 |
_c547925 _d547925 |
||